Statistiques concernant Top 10 des pays avec les décès de Covid-19 - 22 avril

Cliquez ici pour prendre le quiz!

Statistiques générales

  • Ce quiz a été pris 65 fois
  • Le résultat moyen est 9 sur 13

Statistiques - réponses

pays% Correct
France
100%
Italie
98%
Etats-Unis
97%
Chine
95%
Espagne
95%
Royaume-Uni
89%
Allemagne
87%
Belgique
63%
Suisse
48%
Pays-Bas
47%
Iran
44%
Irlande
35%
Suède
35%

Distribution des résultats

Percentile par nombre de réponses

% des personnes avec chaque résultat

Votre développement - résultats

Vous n’avez pas pris ce quiz